| 000 | 00423nam a2200157 a 4500 | ||
|---|---|---|---|
| 005 | 20140310183208.0 | ||
| 008 | 030207s19uu xx 00 eng d | ||
| 050 |
_aPZ 7 _b.Es82 1999 |
||
| 100 | _aEstrada, Rita Clay | ||
| 245 |
_aEverything about him / _cRita Clay Estrada. |
||
| 260 |
_aAustralia : _bSilhouette books, _c1999. |
||
| 300 |
_a216 p. : _c17 cm. |
||
| 650 | _aFiction | ||
| 942 |
_cBK _2lcc |
||
| 999 |
_c20055 _d20055 |
||